000 00514 a2200181 4500
003 NUST
005 20251125172613.0
040 _cNust
082 _a621.382,HUS
100 _aHussain,Aatqa (TCC-21)
_9132098
245 _aAutomated face recognition /
_cAatqa hussain & Mohsin Tanveer and Adil Munir
260 _aRawalpindi
_bMCS (NUST)
_cJune-2013
300 _axiv,103 p.;
650 _aUG Project
_9131132
651 _aTCC-21
_9132099
700 _aSupervised by Dr. Imran Touqir
_9132100
942 _cPR
_2ddc
999 _c210873
_d210873